| 000 | 00915cam a22002417a 4500 | ||
|---|---|---|---|
| 003 | MX-MxUPN | ||
| 005 | 20260418064118.0 | ||
| 008 | 230816s1986 mx| |||fr|||| 000 0 spa d | ||
| 040 |
_aMX-MxUPN _bspa |
||
| 050 | 4 |
_aQA303 _bM67 1986 |
|
| 100 | 1 |
_949948 _aMoreno Armella, Luis |
|
| 100 | 1 |
_aWaldegg Casanova, Guillermina _931705 |
|
| 245 | 1 |
_aCálculo Avanzado : _bintroducción al análisis : nivel medio superior |
|
| 260 |
_aMéxico : _bCentro de Investigación y Estudios Avanzados, Sección de Matemática Educativa, _c1986 |
||
| 300 | _a2 volúmenes | ||
| 500 | _a"Programa Nacional de Formación y Actualización de Profesores de Matemáticas". | ||
| 500 | _aLa biblioteca tiene únicamente el volumen 2. | ||
| 650 | 7 |
_94497 _aCálculo |
|
| 650 | 7 |
_aNúmeros reales _2 _918933 |
|
| 650 | 2 |
_922527 _aFunciones (matemáticas) |
|
| 902 |
_aLC16082023 _bVíctorGodínez/120923 |
||
| 942 |
_2lcc _cLIBRO |
||
| 999 |
_c210059 _d210059 |
||